<?xml version="1.0" encoding="UTF-8"?>
<collection xmlns:xsi="http://www.w3.org/2001/XMLSchema-instance" xsi:schemaLocation="http://www.loc.gov/MARC21/slim http://www.loc.gov/standards/marcxml/schema/MARC21slim.xsd" xmlns="http://www.loc.gov/MARC21/slim">
 <record>
  <leader>00000ctm a22000003a 4500</leader>
  <controlfield tag="001">UP-8027390931314115675</controlfield>
  <controlfield tag="003">Buklod</controlfield>
  <controlfield tag="005">20240610151049.0</controlfield>
  <controlfield tag="006">m    |o  d |      </controlfield>
  <controlfield tag="007">ta</controlfield>
  <controlfield tag="008">240610s        xx     d     r    |||| u|</controlfield>
  <datafield tag="035" ind1=" " ind2=" ">
   <subfield code="a">(iLib)UPVIS-00168267264</subfield>
  </datafield>
  <datafield tag="037" ind1=" " ind2=" ">
   <subfield code="a">Gift</subfield>
  </datafield>
  <datafield tag="040" ind1=" " ind2=" ">
   <subfield code="a">rmc 06.10.24</subfield>
  </datafield>
  <datafield tag="090" ind1=" " ind2=" ">
   <subfield code="a">LG 993</subfield>
   <subfield code="b">2023 P7 A94</subfield>
  </datafield>
  <datafield tag="100" ind1="1" ind2=" ">
   <subfield code="a">Avelino, Kiara Marie B.</subfield>
  </datafield>
  <datafield tag="245" ind1="0" ind2="0">
   <subfield code="a">Beep beep beep, ano ang sabi ng jeep? stories of PUJ drivers in Iloilo City during the COVID-19 pandemic</subfield>
   <subfield code="b">Kiara Marie B. Avelino and Ma. Ysabelle M. Felix.</subfield>
  </datafield>
  <datafield tag="300" ind1=" " ind2=" ">
   <subfield code="a">98 leaves</subfield>
  </datafield>
  <datafield tag="500" ind1=" " ind2=" ">
   <subfield code="a">Research, Undergraduate, UPV Miag-ao, Bachelor of Arts in Psychology</subfield>
  </datafield>
  <datafield tag="520" ind1="3" ind2=" ">
   <subfield code="a">This qualitative study focused on the narratives of Public Utility Jeepney (PUJ) drivers who operated within Iloilo City before and during the COVID-19 pandemic. Seven (7) PUJ drivers who have at least five (5) years of experience as a PUJ driver and consider driving PUJs as their main source of income during the COVID-19 pandemic were recruited from different Jeepney Owners and Drivers' Associations (JODRAs) in Iloilo City. An in-depth semi-structured interview was conducted with the PUJ drivers and two key informants. Open-ended questions were used which were then recorded and transcribed verbatim. The narratives of the PUJ drivers were analyzed using Narrative Thematic Analysis. The results of this study provided insights into the experiences of PUJ drivers, including the challenges they faced during the COVID-19 pandemic, their coping strategies, and the lessons learned from the experiences. The drivers encountered various challenges, such as financial hardship, physical and mental health concerns, and uncertainty about the future. To cope with the stress, they employed diverse strategies, such as seeking support from their networks, relying on religion and spirituality, distracting themselves, embracing their reality, and in some cases, denying the existence of the pandemic. The significance of social support, financial preparedness, awareness, and readiness for future crises was also emphasized. With these findings, the recommendation include access to healthcare and well-being, economic support and financial resilience, social support networks, comparative studies, and further research on the long-term impacts of COVID-19. Keywords: PUJ drivers, Narratives, Narrative Thematic Analysis, COVID-19 pandemic, Public Transportation</subfield>
  </datafield>
  <datafield tag="650" ind1="1" ind2="0">
   <subfield code="a">Narratives.</subfield>
  </datafield>
  <datafield tag="650" ind1="1" ind2="0">
   <subfield code="a">Thematic analysis.</subfield>
  </datafield>
  <datafield tag="650" ind1="1" ind2="0">
   <subfield code="a">COVID-19.</subfield>
  </datafield>
  <datafield tag="852" ind1="0" ind2=" ">
   <subfield code="a">UPVIS</subfield>
   <subfield code="b">UPV-ML</subfield>
   <subfield code="h">LG 993</subfield>
   <subfield code="i">2023 P7 A94</subfield>
  </datafield>
  <datafield tag="942" ind1=" " ind2=" ">
   <subfield code="a">Thesis</subfield>
  </datafield>
 </record>
</collection>
